| 000 | 40852nas1a22030251i 4500 | ||
|---|---|---|---|
| 001 | RU\NLR\INFOCOMM5\1000381709 | ||
| 005 | 20240726005347.0 | ||
| 035 | _a(NLR Aleph) 002570362 | ||
| 090 |
_a3183930 _c3183930 |
||
| 100 | _a20040615b18711915|||y0rusy50 ca | ||
| 101 | 0 | _arus | |
| 102 | _aRU | ||
| 110 | _azyu||||0|y0 | ||
| 200 | 1 |
_aПротоколы заседаний Общества естествоиспытателей при Казанском университете _iПриложения |
|
| 207 | 1 | _a№1-312 | |
| 210 |
_aКазань _d1871-1915 |
||
| 710 | 0 | 2 |
_aОбщество естествоиспытателей _c(до 1917г.); Казань _4070 |
| 801 | 1 |
_aRU _bInfoComm _c20040615 |
|
| 801 | 0 |
_aRU _bNLR _gPSBO |
|
| 852 |
_aNLR _jШифры разные (см. в записях на отд. вып.) |
||
| 942 | _cSE | ||
| 980 | _aRUSPER | ||